All Dangers in Escape The Backrooms - Statistics

General Stats
  • This quiz has been taken 36 times
    5 since last reset
  • The average score is 12 of 16
Answer Stats
Level Answer % Correct
Level 8 Cliff
100%
Overgrowth Death Slides
100%
Level 3 and 188 Electrical Water Puddles
100%
Level Fun+ Firework
100%
Level 2 Gas
100%
Level 55.1 Height
100%
Grassrooms Knife (Other Players’ Use)
100%
Level 94 - Castle, Level Fun, 0.11 and 9 Liquid Pain
100%
Pretty Much Any Level Sanity
100%
Grassrooms Vines
100%
Level 5 - Boiler Room Moth Hive
67%
Level 6.1 and 55.1 Abyss
33%
The Poolrooms Deep Pool
33%
The Poolrooms and Dark Poolrooms Hydrolitis Plague
33%
Grassrooms Spikes
33%
Dark Poolrooms Waterfall
33%
No matching quizzes found
Score Distribution
Percent of People with Each Score
Percentile by Number Answered
Your Score History
You have not taken this quiz since the last reset